Notch filter = Filter typu pásmovej nádrže

Salvato in:
Dettagli Bibliografici
Autore principale: Miremandi, Alizera (Autore)
Altri autori: Hollý, Benedikt, 1945- (Relatore della tesi)
Natura: Manoscritto Libro
Lingua:inglese
Pubblicazione: Bratislava : STU v Bratislave FEI, 2001
Soggetti:
Tags: Aggiungi Tag
Nessun Tag, puoi essere il primo ad aggiungerne!!

MARC

LEADER 00000ntm a22000003a 4500
001 stu58750
005 20160719164823.1
008 010719s2001------------------------eng-d
040 |a STU  |b slo 
041 0 |a eng 
100 1 |a Miremandi, Alizera  |4 aut 
245 1 |a Notch filter = Filter typu pásmovej nádrže 
260 |a Bratislava :  |b STU v Bratislave FEI,  |c 2001 
300 |a 44 s 
650 7 |a Rádioelektronika  |2 stusub 
700 1 |a Hollý, Benedikt,  |d 1945-  |4 ths  |u E230  |U FEI Fakulta elektrotechniky a informatiky  |T FEI Katedra rádioelektroniky  |X 2074  |U E230  |Y 71  |7 A000002074